| 000 | 00438nam a2200169 a 4500 | ||
|---|---|---|---|
| 001 | 0000-8811 | ||
| 003 | ELIB.Books | ||
| 008 | 110520 1926 | ||
| 035 | _a(ELIB.Books)0000-8957 | ||
| 082 |
_a230 _bMoo |
||
| 100 | _aMoore, John M. | ||
| 245 | _aThings that Matter Most | ||
| 260 |
_bPhiladelphia; The Judson Press _c1926 |
||
| 650 | _aTheology | ||
| 942 |
_2ddc _cBK |
||
| 998 |
_cbat _e2011-05-20 _mcat _u2018-12-11 |
||
| 999 |
_c8811 _d8811 |
||